<?xml version="1.0" encoding="UTF-8"?>
<marc:record xmlns:marc="http://www.loc.gov/MARC21/slim">
   <marc:leader>00000nam a2200000 a 4500</marc:leader>
   <marc:datafield ind1="1" ind2=" " tag="100">
      <marc:subfield code="a">Kim, Hyŏn-suk</marc:subfield>
      <marc:subfield code="4">ctb</marc:subfield>
      <marc:subfield code="e">Mitwirkende/-r</marc:subfield>
   </marc:datafield>
   <marc:datafield ind1="1" ind2=" " tag="100">
      <marc:subfield code="a">No, Sŭng-gyŏng</marc:subfield>
      <marc:subfield code="4">ctb</marc:subfield>
      <marc:subfield code="e">Mitwirkende/-r</marc:subfield>
   </marc:datafield>
   <marc:datafield ind1="1" ind2=" " tag="100">
      <marc:subfield code="a">Zaborowski, Hans-Jürgen</marc:subfield>
      <marc:subfield code="4">trl</marc:subfield>
      <marc:subfield code="e">Übersetzer/-in</marc:subfield>
   </marc:datafield>
   <marc:datafield ind1=" " ind2=" " tag="653">
      <marc:subfield code="a">Tiere</marc:subfield>
   </marc:datafield>
   <marc:datafield ind1=" " ind2=" " tag="653">
      <marc:subfield code="a">Entwicklung</marc:subfield>
   </marc:datafield>
   <marc:datafield ind1=" " ind2=" " tag="653">
      <marc:subfield code="a">Mensch</marc:subfield>
   </marc:datafield>
   <marc:datafield ind1=" " ind2=" " tag="653">
      <marc:subfield code="a">Sachbilderbücher/Mensch</marc:subfield>
   </marc:datafield>
   <marc:datafield ind1=" " ind2=" " tag="653">
      <marc:subfield code="a">Sachbilderbuch</marc:subfield>
   </marc:datafield>
   <marc:datafield ind1="0" ind2="0" tag="245">
      <marc:subfield code="a">Alle sind am Anfang klein</marc:subfield>
   </marc:datafield>
   <marc:datafield ind1="0" ind2="0" tag="245">
      <marc:subfield code="b">wie Lebewesen sich verändern, wenn sie wachsen</marc:subfield>
   </marc:datafield>
   <marc:datafield ind1="0" ind2="0" tag="245">
      <marc:subfield code="c">Text: Hyeon-Suk Kim. Bilder: Seung-Gyeong Noh. Nachw.: Gil-Won Kim. Übers.: Hans-Jürgen Zaborowski</marc:subfield>
   </marc:datafield>
   <marc:datafield ind1=" " ind2="1" tag="264">
      <marc:subfield code="a">Frankfurt, M.</marc:subfield>
      <marc:subfield code="b">Fischer Schatzinsel</marc:subfield>
      <marc:subfield code="c">2008</marc:subfield>
   </marc:datafield>
   <marc:datafield ind1="1" ind2=" " tag="490">
      <marc:subfield code="a">Kleine Entdecker</marc:subfield>
   </marc:datafield>
   <marc:datafield ind1="1" ind2=" " tag="520">
      <marc:subfield code="a">Angaben aus der Verlagsmeldung

Kleine Entdecker – Alle sind am Anfang klein : Wie Lebewesen sich verändern, wenn sie wachsen Before &amp; After / von Hyeon-Suk Kim

»Kleine Entdecker« – die neue Sachbilderbuchreihe für Vorschulkinder.
Kinder im Vorschulalter sind kleine Forscher und Entdecker. Sie sind neugierig und wissbegierig. Unsere Sachbilderbuchreihe »Kleine Entdecker« will diesen Hunger nach Wissen stillen. Sie nimmt Kinder ernst und erklärt ihnen einfach und verständlich und gleichzeitig spannend und wissenschaftlich fundiert die faszinierende Welt, in der wir leben.
Wer denkt an den wunderschönen Schmetterling, wenn er eine Raupe sieht? Und dass Erwachsene auch einmal klein waren und in den Bauch ihrer Mama gepasst haben, scheint unvorstellbar. Aber dennoch ist es so. Alle Lebewesen entwickeln sich aus einem Ei und verändern sich, bis sie schließlich erwachsen sind. Mit wunderschönen Illustrationen werden diese unglaublichen Verwandlungen bei Insekten, Reptilien, Säugetieren und Menschen anschaulich und verständlich gemacht.
</marc:subfield>
   </marc:datafield>
   <marc:datafield ind1=" " ind2=" " tag="020">
      <marc:subfield code="a">9783596852888</marc:subfield>
      <marc:subfield code="9">9783596852888</marc:subfield>
   </marc:datafield>
   <marc:datafield ind1=" " ind2=" " tag="041">
      <marc:subfield code="a">ger</marc:subfield>
   </marc:datafield>
   <marc:datafield ind1=" " ind2=" " tag="300">
      <marc:subfield code="a">35] S.</marc:subfield>
   </marc:datafield>
</marc:record>
